Sports Quiz

Random Sports or Basketball Quiz

Syracuse Basketball players drafted Quiz Stats

 Plays Quiz not verified by Sporcle

Challenge
Share
Tweet
Embed
Score 0/31 Timer 07:00
0 Plays Today
Year Player % Correct
2003Carmelo Anthony
92.5%
2009Jonny Flynn
88.4%
2005Hakim Warrick
82.7%
1990Derrick Coleman
79.1%
1966Dave Bing
58.7%
2008Donte Greene
53.4%
1996John Wallace
53.4%
1990Sherman Douglas
53.3%
1992Dave Johnson
51.8%
1995Lawrence Moten
49.8%
1988Rony Seikaly
49.5%
1986Pearl Washington
48.3%
1991Billy Owens
47.3%
2000Etan Thomas
44.9%
2000Jason Hart
44.2%
1983Leo Rautins
40.8%
Year Player % Correct
2007Demetris Nichols
35.1%
2001Damone Brown
27.7%
1981Danny Schayes
26.4%
1980Louis Orr
25.5%
1986Rafael Addison
22.5%
1991LeRon Ellis
17.1%
1971William Smith
13.6%
1974Dennis DuVal
5.3%
1978Marty Byrnes
5.3%
1948Bill Gabor
4.7%
1975Rudy Hackett
4.5%
1951Eddie Miller
1.9%
1974Fred Saunders
1.5%
1951Jack Kiley
1%
1952Frank Reddout
0.7%

You're not logged in!

Compare scores with friends on all Sporcle quizzes.
OR
Log In

You Might Also Like...

Show Comments

Extras

Top Quizzes Today


Score Distribution

Your Account Isn't Verified!

In order to create a playlist on Sporcle, you need to verify the email address you used during registration. Go to your Sporcle Settings to finish the process.

Report this User

Report this user for behavior that violates our Community Guidelines.

Details: